000 00404cam a22001812a 4500
001 022105
003 AR-FADEU
008 311216n1948####xxu####################dd
092 _eHD
100 _aOrĂ­a, Salvador
245 _aFinanzas
260 _aBuenos Aires
260 _bGuillermo Kraft Ltda.
260 _c1948
300 _a1 t
650 _aDERECHO-HISTORIA Y CRITICA/HD/
942 _cHD
999 _c27810
_d27810